[Event "Wch U14"]
[Site "Maribor"]
[Date "2012.11.18"]
[Round "11.76"]
[White "Suriyabandara, SMD"]
[Black "Comas, Abnell"]
[Result "1/2-1/2"]
[WhiteElo "1609"]
[BlackElo "1705"]
[PlyCount "36"]
[EventDate "2012.11.08"]
[EventType "swiss"]
[EventRounds "11"]
[EventCountry "SLO"]
[SourceTitle "EXT 2013"]
[Source "ChessBase"]
[SourceDate "2012.11.22"]
[SourceVersion "1"]
[SourceVersionDate "2012.11.22"]
[SourceQuality "1"]

1. e4 e5 2. Nc3 Nc6 3. Bc4 Bc5 4. Qg4 g6 5. Qf3 Qf6 6. Nd5 Qxf3 7. Nxf3 Bb6 8. d3 h6 9. Be3 Bxe3 10. fxe3 Kd8 11. 0-0 Rh7 12. Nh4 Na5 13. Nxg6 Nxc4 14. dxc4 c6 15. Nc3 fxg6 16. Rf8+ Ke7 17. Rxg8 Kf7 18. Rd8 Ke7 1/2-1/2

[Event "Wch U14"]
[Site "Maribor"]
[Date "2012.11.11"]
[Round "4.75"]
[White "Suriyabandara, SMD"]
[Black "Cretnik, Urban"]
[Result "1-0"]
[WhiteElo "1609"]
[BlackElo "1796"]
[PlyCount "61"]
[EventDate "2012.11.08"]
[EventType "swiss"]
[EventRounds "11"]
[EventCountry "SLO"]
[SourceTitle "EXT 2013"]
[Source "ChessBase"]
[SourceDate "2012.11.22"]
[SourceVersion "1"]
[SourceVersionDate "2012.11.22"]
[SourceQuality "1"]

1. e4 c5 2. Nc3 e5 3. Nf3 Nc6 4. Bc4 Be7 5. d3 d6 6. h3 Nf6 7. 0-0 0-0 8. Ne1 Be6 9. Bb3 d5 10. Bd2 d4 11. Ne2 c4 12. Ba4 Nd7 13. Bxc6 bxc6 14. f4 f6 15. f5 Bf7 16. g4 a5 17. Nf3 a4 18. h4 Qb6 19. Bc1 Nc5 20. Kh1 Qa5 21. Ne1 Rfd8 22. Ng3 Kf8 23. g5 Qb5 24. Rg1 cxd3 25. cxd3 Na6 26. Nh5 Bxh5 27. Qxh5 h6 28. gxh6 Bb4 29. Qg6 gxh6 30. Qg8+ Ke7 31. Qe6+ 1-0

[Event "Wch U14"]
[Site "Maribor"]
[Date "2012.11.09"]
[Round "2.57"]
[White "Suriyabandara, SMD"]
[Black "Munkhbayar, Gijir"]
[Result "1/2-1/2"]
[WhiteElo "1609"]
[BlackElo "1866"]
[PlyCount "45"]
[EventDate "2012.11.08"]
[EventType "swiss"]
[EventRounds "11"]
[EventCountry "SLO"]
[SourceTitle "EXT 2013"]
[Source "ChessBase"]
[SourceDate "2012.11.22"]
[SourceVersion "1"]
[SourceVersionDate "2012.11.22"]
[SourceQuality "1"]

1. e4 c5 2. c3 e5 3. Nf3 Nc6 4. Bc4 d6 5. d3 g6 6. Ng5 Nh6 7. 0-0 Bg7 8. f4 exf4 9. Bxf4 0-0 10. h3 a6 11. Qd2 Kh8 12. Nf3 Ng8 13. Ng5 Nh6 14. Nf3 Ng8 15. Ng5 Nh6 16. Nf3 Ng8 17. Ng5 Nh6 18. Nf3 Ng8 19. Ng5 Nh6 20. Nf3 Ng8 21. Ng5 Nh6 22. Nf3 Ng8 23. Ng5 1/2-1/2